000
00266nam a2200097Ia 4500
001
1144776
005
20250827010220.0
008
250824s9999 xx 000 0 und d
245
0
_a
BÖYLE ŞEYLER FİLİMLERDE OLUR
_c
İSMAİL KILIÇARSLAN
260
_b
KETEBE YAYINLARI
999
_c
1144776
_d
1144776